| 000 | 00392nam a22001337a 4500 | ||
|---|---|---|---|
| 082 |
_a624.15 _bFOU _cL-21, P-68 |
||
| 100 |
_aLeonard, G.A _943892 |
||
| 245 |
_aFoundation engineering _cLeonard, G.A |
||
| 260 |
_aNew york, London _bMcGraw-Hill Book company _c1962 |
||
| 300 |
_avii, 1136 p. _bill. _c21 cm. |
||
| 526 |
_a0 _b0 _c0 _d624_150000000000000_FOU |
||
| 650 |
_aMCE _9379 |
||
| 942 |
_2ddc _cBK |
||
| 999 |
_c547768 _d547768 |
||